|
|
|
|
| LEADER |
01689cam a2200325 4500 |
| 001 |
1252603 |
| 003 |
GR-PaULI |
| 005 |
20241108063400.0 |
| 008 |
730510s1973 gw b 110 0 eng |
| 952 |
|
|
|0 0
|1 0
|2 ddc
|4 0
|6 Π_Σ_515_392000000000000_CON
|7 0
|8 NFIC
|9 229837
|a LISP
|b LISP
|c REF
|d 2019-02-07
|i 138950
|l 0
|o Π/Σ 515.392 CON
|p 025000043886
|r 2019-02-07 00:00:00
|t 1
|v 2019.00
|w 2019-02-07
|y BK15
|
| 952 |
|
|
|0 0
|1 0
|2 ddc
|4 0
|6 Π_Σ_515_392000000000000_CON
|7 0
|8 NFIC
|9 229838
|a LISP
|b LISP
|c REF
|d 2019-02-07
|i 138949
|l 0
|o Π/Σ 515.392 CON
|p 025000043885
|r 2019-02-07 00:00:00
|t 2
|v 2019.00
|w 2019-02-07
|y BK15
|
| 999 |
|
|
|c 139553
|d 139553
|
| 010 |
|
|
|a 73076674
|
| 020 |
|
|
|a 0387061878
|
| 020 |
|
|
|a 3540061878
|
| 040 |
|
|
|a DLC
|c DLC
|d DLC
|b gre
|e AACR2
|
| 082 |
0 |
0 |
|a 515.392
|2 23
|
| 111 |
|
|
|a Conference on Topological Dynamics
|c Yale University)
|d (1972 :
|9 173839
|
| 245 |
1 |
0 |
|a Recent advances in topological dynamics :
|b proceedings of the Conference on Topological Dynamics, held at Yale University, June 19-23, 1972, in honor of Professor Gustav Arnold Hedlund on the occasion of his retirement /
|c edited by Anatole Beck.
|
| 260 |
|
|
|a Berlin ;
|a New York :
|b Springer-Verlag,
|c 1973.
|
| 300 |
|
|
|a viii, 285 σ. ;
|c 26 εκ.
|
| 490 |
1 |
|
|a Lecture notes in mathematics
|v 318.
|
| 504 |
|
|
|a Περιλαμβάνει βιβλιογραφία.
|
| 650 |
|
4 |
|a Τοπολογία
|9 109
|
| 650 |
|
4 |
|a Δυναμικά συστήματα
|9 394
|
| 700 |
1 |
|
|a Hedlund, Gustav Arnold,
|d 1904-
|9 173840
|e συγγραφέας.
|
| 700 |
1 |
|
|a Beck, Anatole
|9 172862
|e επιμελητής.
|
| 830 |
|
0 |
|a Lecture notes in mathematics (Springer-Verlag)
|v 318.
|9 161263
|
| 942 |
|
|
|2 ddc
|c BKN
|
| 998 |
|
|
|c ΜΠΟΥΡΑΣ
|d 2019-01
|